Statistics for Chelsea Managers

Click here to take the quiz!

General Stats

  • This quiz has been taken 162 times
    (158 since last reset)
  • The average score is 7 of 14

Answer Stats

HintAnswer% Correct
2004-2007 | 2013-Present (2nd spell)Jose Mourinho
77%
2012Di Matteo
75%
2009 (interim)Guus Hiddink
70%
2009-2011Carlo Ancelotti
70%
2007-2008Avram Grant
66%
2000-2004Claudio Ranieri
60%
2008-2009Phil Scolari
54%
1996-1998Ruud Gullit
50%
1998-2000Gianluca Vialli
47%
2012-2013Rafa Benitez
41%
2011-2012Andre Vilas Boas
31%
2009 (caretaker)Ray Wilkins
21%
2000 (caretaker)Graham Rix
10%

Score Distribution

Percentile by Number Answered

Percent of People with Each Score

Your Score History

You have not taken this quiz since the last reset